Любими приказки (Запис номер 69197)
[ съкратено ]
| 000 -Лидер | |
|---|---|
| Лидер | 02477nam a2200445 a 4500 |
| 003 - Код на организацията, давaща контролен номер | |
| Код на организацията, даваща контролен номер | BLK |
| 005 - Дата и час на последна редакция | |
| Дата и час на последна редакция | 20250531114948.0 |
| 008 - Елементи от данни с фиксирана дължина | |
| Елементи с фиксирана дължина | 180408b bul|||||r ||||||| ||bul|| |
| 020 ## - Международен стандартен номер на книга ISBN | |
| ISBN | 9544312226 |
| 020 ## - Международен стандартен номер на книга ISBN | |
| ISBN | 9789544312220 |
| 020 ## - Международен стандартен номер на книга ISBN | |
| ISBN | 9789544311988 |
| 040 ## - Източник на каталожния запис | |
| Код на библиотеката | BLK |
| 041 ## - Код за език | |
| Език | Български |
| Език за КДБФ | Български |
| 080 ## - УДК | |
| УДК текст | Литература на отделни езици и езикови семейства |
| УДК код | 821 |
| УДК – определител | -93-34 |
| УДК – код + определител | 821-93-34 |
| 084 ## - Класификационен индекс по друга класификация | |
| Авторски знак | Люб - Л 95 |
| 100 1# - Редна дума - Автор | |
| Автор | Братя Грим |
| R(LIN) | 368076 |
| 245 10 - Сведения за заглавието | |
| Заглавие | Любими приказки |
| Авторска отговорност | от Братя Грим и др.; худож. М. Пъйлцин; прев. от рус. Галина Златина; Галина Йорданова Златарева. |
| 257 ## - Страна на издаване | |
| Страна на създаване/издаване | Сборници - Свят |
| 260 ## - Област на издателските данни | |
| Място на издаване | София |
| Име на издателя | Златното пате |
| Година на издаване | 2004 |
| Печатница | София : Образование и наука |
| 300 ## - Физическа характеристика | |
| Брой страници | 146 с. |
| Илюстрации | с цв. ил. |
| Размер | 25 см |
| 380 ## - Жанр | |
| Жанр | Детска худож. лит. |
| 490 ## - СЕРИИ (Колекции) | |
| Серия | Любими приказки |
| Номер в серията | 4 |
| 9 (RLIN) | 203132 |
| 500 ## - Общи забележки | |
| Обща забележка | Прев. по Любимые сказки. - Други авт. : В. Хауф, М. Матерлинк, Шехерезада, Ш. Перо, С. Топелиус; Авт. М. Метерлинк погрешно отбелязан в съдърж. Метерлинк и на кор. М. Матерлинк; Галина Златина - псевд. на Галина Йорданова Златарева; В кн. името на худож. М. Пъйлцен. |
| 505 ## - Форматирана забележка | |
| Авторската отговорност | Братя Грим |
| Съдържа: | Снежанка и седемте джуджета |
| 505 ## - Форматирана забележка | |
| Авторската отговорност | Шарл Перо |
| Съдържа: | Красавицата и звярът |
| 505 ## - Форматирана забележка | |
| Авторската отговорност | Вилхелм Хауф |
| Съдържа: | Джуджето Дългоноско |
| 505 ## - Форматирана забележка | |
| Авторската отговорност | Шехерезада |
| Съдържа: | Аладин и вълшебната лампа |
| 505 ## - Форматирана забележка | |
| Авторската отговорност | Метерлинг |
| Съдържа: | Синята птица |
| 505 ## - Форматирана забележка | |
| Авторската отговорност | Вилхелм Хауф |
| Съдържа: | Малкият Мук |
| 505 ## - Форматирана забележка | |
| Авторската отговорност | Топелиус |
| Съдържа: | Зимна приказка |
| 653 ## - Ключова дума – ненормативна | |
| Ключови думи | приказки |
| 653 ## - Ключова дума – ненормативна | |
| Ключови думи | литература за деца |
| 653 ## - Ключова дума – ненормативна | |
| Ключови думи | детска литература |
| 700 1# - Други автори (авторска отговорност) | |
| Друг автор | Пъйлцин, Михаил Алексеевич |
| Авт. отговорност на др. автор | худож. |
| 9 (RLIN) | 113554 |
| 700 ## - Други автори (авторска отговорност) | |
| Друг автор | Златарева, Галина Йорданова |
| Дати, свързани с автора | 1954 |
| 9 (RLIN) | 363759 |
| 852 ## - Местоположение | |
| Сигнатура (форматна) | Цб 232789 |
| Отдел | Детски отдел |
| Систематично-азбучна сигнатура | 821-93/Л 95 |
| 942 ## - АРТИКУЛИ | |
| Вид на библиотечния документ | Книги |
| Скрит в OPAC | Не |
| Периодичен библиозапис | Да |
| Koha issues (borrowed), all copies | 6 |
| 944 ## - СЪЗДАВАНЕ И РЕДАКЦИЯ на ЗАПИСА | |
| Създаване/Редакция | Създаване |
| Дата на регистрацията/редакция | 28.03.2007 |
| Номер на служител | Анна Гръцманова |
| Служител, извършил регистрацията/редакцията | 30564 |
| 999 ## - СИСТЕМНИ КОНТРОЛНИ НОМЕРА | |
| Koha biblionumber | 69197 |
| Koha biblioitemnumber | 69197 |
| Код за отписване | Код за изгубен артикул | Код за повреда | Коз за рестрикции | Код за отдаване | Артикулен № | Име на библиотеката - собственик | Име на библиотеката, в която се намира в момента | Статус (Текущо местоположение) | Дата на вписване в системата | Местоположение - отдел | Цена в лева | Инвентарен номер | Систематично азбучна сигнатура | Баркод | Номер на екземпляра | Цена в евро | Служебна бележка | Служебен тип на артикула | Източник на класификационната схема |
|---|---|---|---|---|---|---|---|---|---|---|---|---|---|---|---|---|---|---|---|
| Не е изгубен | Не е повреден | без рестрикции | ползва се в читалня | 113533 | Регионална библиотека "Любен Каравелов" Русе | Регионална библиотека "Любен Каравелов" Русе | Хранилище | 2007-04-02 | Хранилище | 10.99 | 120000711894 | Цб 232789 | 120000711894 | 1 | 5.62 | Дост: Dp Вид: Д N: 35 Дата: 02.08.2006 | Книги | ||
| Не е изгубен | Не е повреден | без рестрикции | заемане за дома | 837402 | Регионална библиотека "Любен Каравелов" Русе | Регионална библиотека "Любен Каравелов" Русе | Детски отдел | 2021-06-17 | Детски отдел | 11.99 | 821-93/Л 95 | 120000856597 | 6.13 | Книги | Universal Decimal Classification | ||||
| Не е изгубен | Не е повреден | заемане за дома | 942583 | Регионална библиотека "Любен Каравелов" Русе | Регионална библиотека "Любен Каравелов" Русе | Детски отдел | 2024-04-19 | Детски отдел | 10.99 | 120000901606 | 821-93/Л 95 | 120000901606 | 5.62 | Книги | Universal Decimal Classification |